| 000 | 00416cam a2200181ua 4500 | ||
|---|---|---|---|
| 020 | _c1.50 | ||
| 041 |
_ahin _h |
||
| 082 |
_a891.43 _bJAY/LA |
||
| 100 | _aJayasankar , prasad . | ||
| 245 |
_aLahar / _cjayasankar prasad. _hTextual Documents |
||
| 260 |
_a : _bBarati bandar , _c1962. |
||
| 300 | _a80 ; . | ||
| 365 | _a1.50 | ||
| 504 | _a | ||
| 942 | _cBK | ||
| 999 |
_c12289 _d12289 |
||